Statistics for City by Phonetic Spelling #3

Click here to take the quiz!

General Stats

  • This quiz has been taken 554 times
    (532 since last reset)
  • The average score is 14 of 20

Answer Stats

Phonetic SpellingEnglish Spelling% Correct
prɑgPrague
96%
ˈkiɛfKiev
93%
ˈrigəRiga
88%
ˌælɪgˈzændriəAlexandria
83%
hæˈnɔɪHanoi
82%
ˈskɔpyɛSkopje
82%
dʒəˈkɑrtəJakarta
81%
prɪˈtoʊriəPretoria
79%
kiˈoʊtoʊKyoto
77%
ˈsukrɛSucre
73%
ˈfinɪksPhoenix
72%
həˈrɑreɪHarare
66%
ˈnɒm ˈpɛnPhnom Penh
66%
ˈpjʌŋˈjɑŋPyongyang
64%
triˈɛstTrieste
64%
ʃɪˈkɑgoʊChicago
63%
səˈvænəSavannah
58%
ˈdʒaɪpʊərJaipur
55%
ˌtiəˈwɑnəTijuana
54%
rɪˈdʒaɪnəRegina
36%

Score Distribution

Percentile by Number Answered

Percent of People with Each Score

Your Score History

You have not taken this quiz since the last reset